LEADER 01297nam2-2200397---450- 001 990003386500203316 005 20130430120333.0 010 $a972-2-9600717-1-9 035 $a000338650 035 $aUSA01000338650 035 $a(ALEPH)000338650USA01 035 $a000338650 100 $a20100413h2007----km-y0itay50------ba 101 $afre 102 $aFR 105 $a||||||||001yy 200 1 $a<<18:>> Entre ciel et guerre$efigures d'Aphrodite en Grèce ancienne$fGabriella Pironti 210 $aLiège$cCentre International d'Étude de la religion grecque antique$d2007 215 $a336 p.$d24 cm 461 0$1001000583659$12001$aKernos. Supplement 600 0$aAfrodite $xMitologia greca$2BNCF 676 $a292.13 700 1$aPIRONTI,$bGabriella$0607366 801 0$aIT$bsalbc$gISBD 912 $a990003386500203316 951 $aII.2. 5510$b221442 L.M.$cII.2.$d00257372 959 $aBK 969 $aUMA 979 $aPAOLA$b90$c20100413$lUSA01$h1255 979 $aPAOLA$b90$c20100414$lUSA01$h1204 979 $aPAOLA$b90$c20100414$lUSA01$h1208 979 $aPAOLA$b90$c20100414$lUSA01$h1208 979 $aPAOLA$b90$c20100414$lUSA01$h1209 979 $aMUSELLA$b90$c20130430$lUSA01$h1203 996 $aEntre ciel et guerre$91127273 997 $aUNISA LEADER 01113nam0-22003011i-450 001 990005411550403321 005 20251215114134.0 035 $a000541155 035 $aFED01000541155 035 $a(Aleph)000541155FED01 100 $a19990530d1949----km-y0itay50------ba 101 0 $afre 102 $aBE 105 $ay-------001yy 200 1 $aAsklèpios Apollon Smintheus et Rudra$eÉtudes sur le dieu a la taure et le dieu au rat dans la Grèce et dans l'Inde$fpar Henri Grègoire$gavec la collaboration de R. Goossens et de M. Mathieu 210 $aBruxelles$cPalais des Acadèmies$d1949 215 $a200 p.$d26 cm 225 1 $aAcadèmie Royale de Belgique. Classe des Lettres et des Sciences Morales et Poetiques. Mémoires. Collection in 8. Deuxième Série$v45 700 1$aGrégoire,$bHenri$f<1881-1964>$0393983 702 1$aGoossens,$bR. 702 1$aMathieu,$bM. 801 0$aIT$bUNINA$gRICA$2UNIMARC 901 $aBK 912 $a990005411550403321 952 $aARCH. M 157 8$bARCH. 8842$fFLFBC 959 $aFLFBC 996 $aAsklepios Apollon Smintheus et Rudra$9283653 997 $aUNINA